000 00866nam a2200289Ia 4500
001 Para_6395
003 CHAP
008 220125s1916 xx 000 0 und d
010 _a205133
020 _aM/BAJA
040 _cCHAP
082 _aPA-C 595.78 M68
100 _aMosher, Edna
_9171094
245 _aA classification of the lepidoptera based on characters of the pupa /
_c by Edna Mosher
260 _aUrbana, ILL. :
_b Illinois State Laboratory of Natural History
300 _a150 p.
440 _aBulletin of the Illinois State Laboratory of Natural History;12
_9165981
650 _aCatharanthus roseus
_920511
650 _aLepidopteros
_966252
901 _aPA-C 595.78 M68
902 _aM
905 _a0000001916 0000000000 00
910 _a1916
942 _cPARA
942 _cPARA
_d1
999 _c205133
_d205133